000 00679nab a2200241 a 4500
005 20210219161359.0
008 991125s1985 mx 000 0 spa u
035 _aUPN01000184040
100 1 _aPlanas, Núria
222 _aUNO :
222 _bREVISTA DE DIDACTICA DE LAS MATEMATICAS
245 _aEducación matemática e interacción en el aula de secundaria
260 _aBarcelona, España
300 _a77-83
362 0 _a2011 Año 17, no. 58, jul.-sept.
653 0 _aEDUCACION MATEMATICA
653 0 _aINTERACCION SOCIAL
653 0 _aEDUCACION SECUNDARIA
653 0 _aAPRENDIZAJE
700 1 _aMorera, Laura
700 1 _ecoaut.
905 _aArticulo
999 _c156143
_d156143